000 00729nam a2200229 a 4500
001 55798
003 BD-RjUL
005 20211209080321.0
008 s1984 ii b 00110 eng d
035 _a(BD-RjUL)
040 _aSU
_cSU
_beng
_dBD-RjUL
041 _aeng
082 0 _a346.012
_223
_bSUR 1984
100 1 _aSubramanya, T. R.
_9166142
245 1 0 _aRights and status of the individual in international law /
_cT.R. Subramanya ; foreword by C.K.N. Raja.
260 _aNew Delhi :
_bDeep & Deep Publications,
_cc1984.
300 _a200 p. ;
_c22 cm.
504 _aIncludes Bibliographical References and Index
650 _aPersons (International law)
_9138539
700 _aRaja, C.K.N.
_9166143
942 _2ddc
_cBK
999 _c55798
_d55798